000 00617nam a2200205 i 4500
001 47596
003 ES-MaACL
005 20251111063347.0
007 t|
008 030505s1916 sp ||||1| spa d
080 _a821.134.2-32"18"
100 1 _aPérez Zúñiga, Juan,
_d1860-1938
_991232
245 1 3 _aLa tenacilla de oro
_b: novela inédita /
_cpor Juan Pérez Zúñiga.
260 _aMadrid :
_b[s.n.],
_c1916.
300 _a34 p. ;
_c19 cm.
490 1 _aLa novela corta ;
_v50
830 0 _aLa novela corta ;
_v50
_9182142
852 _aES-MaACL
_jG-4948(50)
_bR.132489
999 _c47596
_d47596